गाँधी जी के रचनात्मक कार्य/ (Record no. 201705)

MARC details
000 -LEADER
fixed length control field 00888nam a22001937a 4500
005 - DATE AND TIME OF LATEST TRANSACTION
control field 20240321123628.0
010 ## - LCCN (DPL NO)
LC control number HIN-127169
020 ## - INTERNATIONAL STANDARD BOOK NUMBER
International Standard Book Number 9789390674541
Terms of availability 1150.00
035 ## - SYSTEM CONTROL NUMBER
System control number HN-99515
037 ## - SOURCE OF ACQUISITION
Source of stock number/acquisition DBAD/PUB.
082 ## - DEWEY DECIMAL CLASSIFICATION NUMBER
Classification number 305.5
100 ## - MAIN ENTRY--PERSONAL NAME
Personal name उदय कुमार सिंह
245 ## - TITLE STATEMENT
Title गाँधी जी के रचनात्मक कार्य/
Statement of responsibility, etc उदय कुमार सिंह
260 ## - PUBLICATION, DISTRIBUTION, ETC. (IMPRINT)
Place of publication, distribution, etc दिल्ली
Name of publisher, distributor, etc श्री पब्लिशर्स एंड डिस्ट्रीब्यूटर्स
Date of publication, distribution, etc 2022
270 ## - ADDRESS
Address 22/4735 प्रकाश दीप बिल्डिंग अंसारी रोड दरियागंज
City नई दिल्ली
Postal code 110002
300 ## - PHYSICAL DESCRIPTION
Extent 224 पृ;
Dimensions 23 सेमी (सजिल्द)
700 ## - ADDED ENTRY--PERSONAL NAME
9 (RLIN) 63631
942 ## - ADDED ENTRY ELEMENTS (KOHA)
Institution code [OBSOLETE] dpl
Item type Hindi Books
Source of classification or shelving scheme Dewey Decimal Classification
Classification part 305.5
Call number suffix उदय
Holdings
Withdrawn status Lost status Not for loan Collection code Home library Current library Date acquired Source of acquisition Cost, normal purchase price Full call number Barcode Copy number Cost, replacement price Koha item type
      Non-fiction Bawana Bawana 21/03/2024 DBAD/PUB 1150.00 305.5 उदय HN-99515 1 1150.00 Hindi Books

© Delhi Public Library
Hit Counter
free hit counter